[Event "AUTO-OPEN-517"]
[Site "http://www.queenalice.com/game.php?id=227185"]
[Date "2007.6.18"]
[Round "2"]
[White "ENDHER"]
[Black "mayconquixada"]
[Result "1-0"]
[WhiteElo "2293"]
[BlackElo "2049"]

1. d4 Nf6 2. c4 g6 3. Nc3 Bg7 4. e4 d6 5. Nf3 O-O 6. Bd3 e5 7. dxe5 dxe5 8. O-O
Bg4 9. h3 Bxf3 10. Qxf3 Nc6 11. Rd1 Nd4 12. Qg3 Nh5 13. Qg4 c5 14. Bg5 Qb6 15.
Rab1 Rad8 16. Bxd8 Rxd8 17. Nd5 Qd6 18. b4 cxb4 19. Rxb4 b6 20. Ra4 Rd7 21. Ra6
Nf6 22. c5 Nxg4 23. cxd6 1-0

[Event "AUTO-OPEN-517"]
[Site "http://www.queenalice.com/game.php?id=227186"]
[Date "2007.6.18"]
[Round "2"]
[White "mayconquixada"]
[Black "ENDHER"]
[Result "0-1"]
[WhiteElo "2056"]
[BlackElo "2288"]

1. e4 e5 2. Nf3 Nc6 3. Bb5 a6 4. Ba4 Nf6 5. O-O Be7 6. Re1 d6 7. h3 O-O 8. c3
Be6 9. d4 exd4 10. cxd4 d5 11. Bxc6 bxc6 12. e5 Ne4 13. Nc3 Bf5 14. Be3 Rb8 15.
Qc1 Nxc3 16. Qxc3 Bb4 17. Qxc6 Bxe1 18. Nxe1 Rxb2 19. g4 Rb6 20. Qc5 Be4 21. f3
Qh4 22. fxe4 Qg3+ 23. Kf1 Qxe3 24. Qc2 Qxh3+ 0-1

[Event "AUTO-MASTER-340"]
[Site "http://www.queenalice.com/game.php?id=234793"]
[Date "2007.7.4"]
[Round "1"]
[White "mayconquixada"]
[Black "astrologo"]
[Result "0-1"]
[WhiteElo "2051"]
[BlackElo "2031"]

1. e4 e5 2. Nf3 Nc6 3. Bb5 a6 4. Ba4 Nf6 5. O-O b5 6. Bb3 Be7 7. Bd5 Bd6 8. d4
Nxd5 9. exd5 Nxd4 10. Nxd4 exd4 11. Re1+ Be7 12. d6 cxd6 0-1

[Event "AUTO-MASTER-340"]
[Site "http://www.queenalice.com/game.php?id=234804"]
[Date "2007.7.4"]
[Round "1"]
[White "Rutty"]
[Black "mayconquixada"]
[Result "0-1"]
[WhiteElo "1877"]
[BlackElo "2045"]

1. e4 e5 2. Nf3 Nc6 3. Bc4 Nf6 4. Nc3 Nxe4 5. Bxf7+ Kxf7 6. Nxe4 d5 7. Neg5+ Kg8
8. d3 h6 9. Nh3 Bc5 10. Be3 d4 11. Bd2 Bg4 12. Qe2 Qf6 13. O-O-O Rf8 14. Nhg1
Bb4 15. h3 Bxd2+ 16. Qxd2 Be6 17. Kb1 Qf7 18. Ne2 Bxa2+ 19. Ka1 Bd5 20. c4 Bxf3
21. gxf3 a5 22. Rhg1 Nb4 23. Rg3 c5 24. Rdg1 Rh7 25. Nc1 Qd7 26. b3 a4 27. Na2
axb3 28. Nxb4 Ra8+ 29. Kb2 Qa4 0-1

[Event "AUTO-MASTER-340"]
[Site "http://www.queenalice.com/game.php?id=234805"]
[Date "2007.7.4"]
[Round "1"]
[White "mayconquixada"]
[Black "Rutty"]
[Result "1-0"]
[WhiteElo "2034"]
[BlackElo "1918"]

1. e4 c5 2. Nf3 Nc6 3. d4 cxd4 4. Nxd4 d6 5. c4 Nf6 6. Nc3 g6 7. Be2 Bg7 8. Nc2
O-O 9. O-O a6 10. Be3 Qc7 11. Qc1 b6 12. Bh6 Bb7 13. Bxg7 Kxg7 14. Qe3 e6 15.
Rad1 Ne5 16. b3 h6 17. f4 Ned7 18. Bf3 Rad8 19. e5 dxe5 20. fxe5 Nxe5 21. Bxb7
Rxd1 22. Nxd1 Nxc4 23. Qc3 1-0

[Event "AUTO-MASTER-340"]
[Site "http://www.queenalice.com/game.php?id=234810"]
[Date "2007.7.4"]
[Round "1"]
[White "jsm"]
[Black "mayconquixada"]
[Result "1-0"]
[WhiteElo "2102"]
[BlackElo "2030"]

1. Nf3 Nf6 2. d4 g6 3. c4 Bg7 4. Nc3 d6 5. e4 O-O 6. h3 e5 7. d5 c5 8. Bd3 Na6
9. a3 Nc7 10. O-O Nfe8 11. Bg5 f6 12. Bh4 Bd7 13. Rc1 Qc8 14. Kh2 f5 15. Ng1 f4
16. f3 h6 17. b4 g5 18. Bf2 b6 19. Rb1 Rf7 20. a4 Bf8 21. Qc2 h5 22. g3 Rg7 23.
Qe2 Nf6 24. Qd1 fxg3+ 25. Bxg3 h4 26. Be1 Nh5 27. Nce2 Ng3 28. Bxg3 hxg3+ 29.
Nxg3 Bxh3 30. Nxh3 Rh7 31. Nf5 Qe8 32. Rg1 Be7 33. Rg3 Bf6 34. Qg1 Qh5 35. bxc5
bxc5 36. Rb7 Kh8 37. Qg2 Rg8 38. Rxa7 1-0

[Event "AUTO-MASTER-340"]
[Site "http://www.queenalice.com/game.php?id=234811"]
[Date "2007.7.4"]
[Round "1"]
[White "mayconquixada"]
[Black "jsm"]
[Result "0-1"]
[WhiteElo "2044"]
[BlackElo "2088"]

1. e4 e6 2. d4 d5 3. Nc3 c6 4. Nf3 Bb4 5. e5 Bf8 6. Bd3 c5 7. Ne2 Nc6 8. c3 Qb6
9. O-O Nge7 10. Qc2 c4 11. Bxh7 g6 12. Ng5 Bh6 13. Nxf7 Kxf7 14. Bxh6 Rxh7 15.
Bg5 Bd7 16. Nf4 Rg8 17. Nh3 Ke8 18. Bf6 Rxh3 19. gxh3 Kd8 20. Kh1 Kc8 21. Rab1
Nf5 22. b3 Qc7 23. bxc4 dxc4 24. Rb2 Nce7 25. Rfb1 Bc6+ 26. Kg1 Qa5 27. f4 Qd5
28. Qe2 Qh1+ 29. Kf2 Qxh2+ 30. Ke1 Qg3+ 31. Kd2 Qxf4+ 32. Ke1 Nd5 33. Qxc4 Qe3+
34. Kf1 Ng3+ 35. Kg2 Nb6+ 0-1

[Event "AUTO-MASTER-354"]
[Site "http://www.queenalice.com/game.php?id=247447"]
[Date "2007.7.28"]
[Round "1"]
[White "Gil"]
[Black "mayconquixada"]
[Result "1-0"]
[WhiteElo "2079"]
[BlackElo "2043"]

1. d4 Nf6 2. Nf3 g6 3. c4 Bg7 4. Nc3 O-O 5. e3 d6 6. Be2 c5 7. O-O Na6 8. a3 Nc7
9. Qb3 Rb8 10. Rd1 cxd4 11. Nxd4 Ne6 12. Nc6 Nc5 13. Qb4 Na6 14. Nxd8 Nxb4 15.
axb4 Rxd8 16. Rxa7 Be6 17. e4 Rdc8 18. b3 Ng4 19. Nd5 Bxd5 20. exd5 Ne5 21. Bg5
f6 22. Bh4 Kf8 23. f4 Nf7 24. Bf2 g5 25. f5 Ne5 26. Bd4 b5 27. c5 dxc5 28. bxc5
Rd8 29. Bxe5 fxe5 30. c6 Rb6 31. c7 Rc8 32. f6 Bxf6 33. Bg4 1-0

[Event "AUTO-MASTER-354"]
[Site "http://www.queenalice.com/game.php?id=247448"]
[Date "2007.7.28"]
[Round "1"]
[White "mayconquixada"]
[Black "Gil"]
[Result "0-1"]
[WhiteElo "2028"]
[BlackElo "2093"]

1. e4 c5 2. Nf3 e6 3. d4 cxd4 4. Nxd4 Nc6 5. c4 Nf6 6. Nc3 Bb4 7. Nxc6 bxc6 8.
Bg5 Qa5 9. Bxf6 gxf6 10. Qf3 Bxc3+ 11. bxc3 Ke7 12. Be2 Rb8 13. O-O Rb2 14. Qd3
Ba6 15. Rfd1 d5 16. exd5 cxd5 17. Qd4 Rxe2 18. Qxa7+ Kd6 19. cxd5 exd5 20. Qxf7
Re6 21. Re1 Rhe8 22. Rxe6+ Rxe6 23. Qf8+ Kc6 24. Qa8+ Kc5 25. Qa7+ Qb6 26. Qxh7
Re2 27. Rb1 Kc4 28. Qh4+ Kxc3 29. Qg3+ Bd3 30. Rc1+ Kb2 31. Rd1 Bc2 32. Rf1 d4
33. Qf4 d3 0-1

[Event "AUTO-MASTER-354"]
[Site "http://www.queenalice.com/game.php?id=247461"]
[Date "2007.7.28"]
[Round "1"]
[White "ChrisDavison102"]
[Black "mayconquixada"]
[Result "0-1"]
[WhiteElo "1345"]
[BlackElo "2017"]

1. e4 e5 2. Nf3 Nc6 3. Bb5 Nf6 4. O-O Nxe4 5. d4 Nd6 6. Bxc6 bxc6 7. dxe5 Nb7 8.
Re1 Be7 9. Nc3 O-O 10. Be3 d6 11. exd6 cxd6 12. h3 d5 13. Ne2 Bf6 14. c3 Nd6 15.
Bd4 Ne4 16. Bxf6 Qxf6 17. Qd4 Qg6 18. Nf4 Qh6 19. Nd3 Bf5 20. Nde5 Rad8 21. Qxa7
Rd6 0-1

[Event "AUTO-MASTER-354"]
[Site "http://www.queenalice.com/game.php?id=247462"]
[Date "2007.7.28"]
[Round "1"]
[White "mayconquixada"]
[Black "ChrisDavison102"]
[Result "1-0"]
[WhiteElo "2015"]
[BlackElo "1347"]

1. e4 c5 2. Nf3 g6 3. d4 cxd4 4. Nxd4 Bg7 5. Nc3 d6 6. Be3 Nc6 7. Qd2 Bd7 8. f3
Nf6 9. O-O-O O-O 10. Be2 a6 11. g4 Rc8 12. h4 Nxd4 13. Bxd4 h6 14. g5 Nh7 15.
Bxg7 Kxg7 16. gxh6+ Kg8 17. h5 g5 18. Rdg1 f6 19. f4 b5 20. fxg5 fxg5 21. Rxg5+
1-0

[Event "QA-ANNIV-03"]
[Site "http://www.queenalice.com/game.php?id=270136"]
[Date "2007.9.11"]
[Round "3"]
[White "simonjscott"]
[Black "mayconquixada"]
[Result "1-0"]
[WhiteElo "2009"]
[BlackElo "2033"]

1. d4 Nf6 2. c4 g6 3. Nc3 Bg7 4. e4 d6 5. Nf3 O-O 6. Be2 e5 7. O-O Nc6 8. d5 Ne7
9. Bg5 h6 10. Bxf6 Bxf6 11. Qd2 Bg7 12. h3 f5 13. Bd3 f4 14. b4 g5 15. c5 Ng6
16. Rac1 Rf7 17. Rfd1 h5 18. Be2 Bf8 19. Nh2 Rh7 20. c6 b6 21. f3 Kh8 22. b5 1-0